000 01037nam0a22002531 4500
001 rc\1059996
005 20260406184833.0
035 _a(NLR Aleph) 006220808
090 _a6467868
_c6467868
100 _a20041129d1980 |||y0rusy50 ca
101 0 _arus
102 _aRU
105 _aa |||||||||
200 1 _aДиагностика и методы повышения функциональной подготовленности спортсменов
_e[Сб. статей]
_fВолгогр. гос. ин-т физ. культуры
_g[Редкол.: С.Н. Кучкин (отв. ред.) и др.]
210 _aВолгоград
_cВГИФК
_d1980
215 _a148 с.
_cграф.
_d20
320 _aБиблиогр. в конце статей
702 1 _aКучкин
_bС.Н.
_4340
712 0 2 _aВолгоградский институт физической культуры
_3RU\NLR\AUTH\889950286
_9396363
801 0 _aRU
_bNLR
_gpsbo
801 1 _aRU
_bELAR
_2rusmarc
852 _aNLR
_j81-3/7720
942 _cBOOK
980 _aNB